ETHICS IN BUSINESS DECISIONS AND COMPETITIVE ADVANTAGE (Record no. 8415)
[ view plain ]
| 000 -LEADER | |
|---|---|
| fixed length control field | 00352nam a2200133Ia 4500 |
| 008 - FIXED-LENGTH DATA ELEMENTS--GENERAL INFORMATION | |
| fixed length control field | 260604s9999 xx 000 0 und d |
| 020 ## - INTERNATIONAL STANDARD BOOK NUMBER | |
| International Standard Book Number | 9781032715025 |
| 082 ## - DEWEY DECIMAL CLASSIFICATION NUMBER | |
| Classification number | 174.4 TRI |
| 100 ## - MAIN ENTRY--PERSONAL NAME | |
| Personal name | TRIANTIS [JOHN E.] |
| 9 (RLIN) | 35592 |
| 245 #0 - TITLE STATEMENT | |
| Title | ETHICS IN BUSINESS DECISIONS AND COMPETITIVE ADVANTAGE |
| 260 ## - PUBLICATION, DISTRIBUTION, ETC. | |
| Name of publisher, distributor, etc. | ROUTLEDGE |
| 500 ## - GENERAL NOTE | |
| General note | Business Ethics |
| 942 ## - ADDED ENTRY ELEMENTS (KOHA) | |
| Koha item type | Book |
| Date last seen | Total Checkouts | Full call number | Barcode | Cost, replacement price | Price effective from | Koha item type | Lost status | Damaged status | Not for loan | Withdrawn status | Home library | Current library | Shelving location | Date acquired | Cost, normal purchase price | BOOK NO |
|---|---|---|---|---|---|---|---|---|---|---|---|---|---|---|---|---|
| 06/04/2026 | 174.4 TRI | 004033 | 5258.88 | 06/04/2026 | Book | Indian Institute of Management Visakhapatnam | Indian Institute of Management Visakhapatnam | 06/04/2026 | 5258.88 | TRI |